000 00303nam a2200133Ia 4500
100 _aKulkarni/ A.D./ Barapte/ R.A.
942 _cBK
654 _amaterials
245 _aEngineering Materials & Components
260 _bTechnova
_c1999
082 _a621.3
_bKUL/BAR
546 _aENGLISH
999 _c32608
_d32608